00507nam a2200181 a 4500001001300000003000900013005001700022008004100039020002300080082001400103100002800117245004500145260005000190300000900240500003500249650001300284700002800297nice12345678IN_TiNIC20260116014033.0071218s2001 cama grp 000 0 eng  a052165422X c59500a294bWIL1 aWilliams, Raymond Brady aAn Introduction to Swaminarayan Hinduism aCambridge bCambridge University Press c2001 a253p aincludes index and biblioraphy aHinduism1 aWilliams, Raymond Brady